[Event "Titled Tue 27th May Late"]
[Site "chess.com INT"]
[Date "2025.05.27"]
[Round "5"]
[White "Fernandes, Rogerio Paulo Muller"]
[Black "Jing, Andrew"]
[Result "0-1"]
[BlackTitle "FM"]
[WhiteElo "2241"]
[BlackElo "2254"]
[WhiteFideId "2101599"]
[BlackFideId "30984076"]
[EventDate "2025.05.27"]

1. c4 Nf6 2. g3 g6 3. Bg2 Bg7 4. Nf3 O-O 5. O-O d6 6. Nc3 e5 7. d3 c6 8. Rb1
Nbd7 9. b4 Qe7 10. a4 a5 11. b5 Nc5 12. Ba3 Nfd7 13. Nd2 Nb8 14. bxc6 bxc6 15.
Bxc5 dxc5 16. Rb6 Qc7 17. Qb1 f5 18. Nd5 Qa7 19. Ne3 Bf6 20. Bxc6 Nxc6 21. Rxc6
Rb8 22. Qc2 Bb7 23. Re6 Kf7 24. Rxf6+ Kxf6 25. Nd5+ Bxd5 26. cxd5 Rb4 27. Nc4
Qd7 28. e4 fxe4 29. dxe4 Qxa4 0-1

[Event "Titled Tue 27th May Late"]
[Site "chess.com INT"]
[Date "2025.05.27"]
[Round "5"]
[White "Krzywda, Andrzej"]
[Black "Novosel, Lovro"]
[Result "0-1"]
[WhiteTitle "CM"]
[BlackTitle "FM"]
[WhiteElo "2175"]
[BlackElo "2346"]
[WhiteFideId "1114565"]
[BlackFideId "14547120"]
[EventDate "2025.05.27"]

1. e4 g6 2. d4 Bg7 3. Nc3 c6 4. Be3 d5 5. e5 h5 6. Qd2 Nh6 7. O-O-O a6 8. Nge2
Ng4 9. Kb1 Nxe3 10. Qxe3 e6 11. h4 Nd7 12. Nf4 Bh6 13. Qf3 c5 14. Ncxd5 cxd4 15.
Rxd4 Nxe5 16. Qe4 Nc6 17. Rd3 O-O 18. Ne3 Qf6 19. g3 Ne5 20. Rb3 Bd7 21. Bg2 Bc6
22. Qb4 a5 23. Qb6 a4 24. Rb4 a3 25. Bxc6 Nxc6 26. Rb3 axb2 27. Nd3 Nd4 28. Rxb2
Bg7 29. Rd1 Ne2 30. Rb3 Qa1# 0-1

[Event "Titled Tue 27th May Late"]
[Site "chess.com INT"]
[Date "2025.05.27"]
[Round "5"]
[White "Le, Tuan Minh"]
[Black "Vagman, Roy"]
[Result "1-0"]
[WhiteTitle "GM"]
[BlackTitle "FM"]
[WhiteElo "2598"]
[BlackElo "2417"]
[WhiteFideId "12401153"]
[BlackFideId "2828995"]
[EventDate "2025.05.27"]

1. d4 Nf6 2. Nf3 e6 3. Bf4 Be7 4. e3 O-O 5. Bd3 c5 6. c3 Nc6 7. Nbd2 d5 8. Ne5
Nd7 9. Qh5 f5 10. Nxd7 Bxd7 11. g4 Be8 12. Qh3 Bg6 13. gxf5 Bxf5 14. Bxf5 Rxf5
15. dxc5 Bxc5 16. Rg1 Qd7 17. O-O-O b5 18. Ne4 Be7 19. Rg2 Kh8 20. Rdg1 Rg8 21.
Ng3 Rxf4 22. exf4 d4 23. Nh5 dxc3 24. Qxc3 Nd4 25. Kb1 e5 26. Qd3 g6 27. fxe5
Qd5 28. Nf6 Bxf6 29. exf6 Rd8 30. Re1 Qd6 31. Rxg6 hxg6 32. Qxg6 Qd5 33. Qg7# 1-0

[Event "Titled Tue 27th May Late"]
[Site "chess.com INT"]
[Date "2025.05.27"]
[Round "5"]
[White "Noroozi, Omid"]
[Black "Papasimakopoulos, Alexandros"]
[Result "0-1"]
[WhiteTitle "IM"]
[BlackTitle "IM"]
[WhiteElo "2266"]
[BlackElo "2366"]
[WhiteFideId "12501190"]
[BlackFideId "4244125"]
[EventDate "2025.05.27"]

1. c4 e6 2. Nc3 d5 3. cxd5 exd5 4. d4 c6 5. Nf3 Bd6 6. e4 dxe4 7. Nxe4 Bb4+ 8.
Nc3 Nf6 9. Be2 O-O 10. O-O Bg4 11. h3 Bh5 12. Bg5 Nbd7 13. Qb3 Qb6 14. Bd2 Bd6
15. Bc4 Bxf3 16. gxf3 Qxd4 17. Rad1 Nc5 18. Be3 Qh4 19. Qb4 Nce4 20. Rxd6 a5 21.
Qa4 b5 22. Nxb5 Qxh3 23. fxe4 Qg4+ 24. Kh1 Rfe8 25. Rxf6 Qh3+ 26. Kg1 gxf6 27.
Nc3 Kh8 28. Bf4 Rg8+ 29. Bg3 Rxg3+ 30. fxg3 Qxg3+ 31. Kh1 Rg8 32. Be6 Qg2# 0-1

[Event "Titled Tue 27th May Late"]
[Site "chess.com INT"]
[Date "2025.05.27"]
[Round "5"]
[White "Hadzovic, Amir"]
[Black "Hiermann, Dietmar"]
[Result "0-1"]
[WhiteTitle "FM"]
[BlackTitle "FM"]
[WhiteElo "2354"]
[BlackElo "2216"]
[WhiteFideId "14402300"]
[BlackFideId "1602918"]
[EventDate "2025.05.27"]

1. e4 c5 2. Nc3 d6 3. f4 Nc6 4. Nf3 g6 5. Bc4 Bg7 6. O-O e6 7. d3 Rb8 8. Qe1 a6
9. a3 b5 10. Ba2 Nge7 11. Bd2 O-O 12. Qh4 a5 13. f5 gxf5 14. Bg5 b4 15. exf5
Nxf5 16. Bxd8 Nxh4 17. Bxh4 bxc3 18. bxc3 Bxc3 19. Rab1 Bd7 20. Bb3 Nd4 21. Nxd4
Bxd4+ 22. Kh1 Rb6 23. Rbe1 a4 24. Ba2 Rb2 25. Bb1 Rfb8 26. Rd1 f5 27. h3 Kf7 28.
c3 Bxc3 29. d4 Bxd4 30. Bg3 Bc6 31. Bxd6 Bxg2+ 32. Kh2 Bxf1+ 33. Kg3 Rg8+ 34.
Kf3 Be2+ 35. Kf4 Bxd1 36. Bd3 Rgg2 0-1

[Event "Titled Tue 27th May Late"]
[Site "chess.com INT"]
[Date "2025.05.27"]
[Round "5"]
[White "Schuster, Karsten"]
[Black "Ismagilov, Damir"]
[Result "0-1"]
[WhiteTitle "FM"]
[BlackTitle "CM"]
[WhiteElo "2266"]
[BlackElo "2173"]
[WhiteFideId "4611071"]
[BlackFideId "34199982"]
[EventDate "2025.05.27"]

1. d4 Nf6 2. c4 e6 3. Nc3 Bb4 4. Qc2 O-O 5. a3 Bxc3+ 6. Qxc3 d5 7. Bg5 c5 8.
dxc5 d4 9. Qd2 Ne4 10. Bxd8 Nxd2 11. Kxd2 Rxd8 12. g3 a5 13. Bg2 Nd7 14. c6 bxc6
15. Bxc6 Rb8 16. Rb1 Ba6 17. Bxd7 Rxd7 18. Nf3 f6 19. b3 e5 20. Rhc1 e4 21. Ne1
Kf7 22. b4 Ke6 23. b5 Bb7 24. a4 Ke5 25. c5 Bd5 26. c6 Rc7 27. Nc2 f5 28. e3 d3
29. Nd4 Rb6 30. Rc5 Kd6 31. Rbc1 g6 32. R1c3 Bg8 33. f4 h5 34. Re5 Rc8 35. Nb3
Bxb3 36. Rxb3 Rcxc6 37. Rc3 Rxc3 38. Kxc3 Rb7 39. h3 Rc7+ 40. Kd2 Rc2+ 41. Kd1
Ra2 42. g4 fxg4 43. hxg4 hxg4 44. Rg5 Rxa4 45. Rxg6+ Kc5 46. b6 Rb4 47. Rg5+
Kxb6 48. Rxg4 a4 49. Rg8 Kc5 50. Ra8 Kc4 51. f5 Kb3 52. f6 Rb7 53. Kd2 a3 54. f7
Rxf7 55. Rb8+ Ka2 56. Rb4 Rf2+ 57. Kc3 Rc2+ 58. Kd4 d2 0-1

[Event "Titled Tue 27th May Late"]
[Site "chess.com INT"]
[Date "2025.05.27"]
[Round "5"]
[White "Metin, Enis"]
[Black "Iskusnyh, Sergei"]
[Result "0-1"]
[BlackTitle "GM"]
[WhiteElo "2169"]
[BlackElo "2440"]
[WhiteFideId "26306948"]
[BlackFideId "4120027"]
[EventDate "2025.05.27"]

1. e4 e6 2. d4 d5 3. e5 c5 4. c3 Nc6 5. Nf3 Nge7 6. Na3 Bd7 7. Be2 cxd4 8. cxd4
Nf5 9. Nc2 Nb4 10. Nxb4 Bxb4+ 11. Bd2 Qa5 12. a3 Bxd2+ 13. Qxd2 Qb6 14. O-O O-O
15. Qb4 Qxb4 16. axb4 Rfc8 17. Ra2 a6 18. Rfa1 Rab8 19. h3 Kf8 20. Bd3 Ne7 21.
b5 Bxb5 22. Bxb5 axb5 23. Ra5 b4 24. Rb5 Nc6 25. Kf1 f6 26. Rb6 Rc7 27. Ke2 fxe5
28. dxe5 h6 29. h4 Ke7 30. Kd3 Rf8 0-1

[Event "Titled Tue 27th May Late"]
[Site "chess.com INT"]
[Date "2025.05.27"]
[Round "5"]
[White "Shubenkova, Veronika"]
[Black "Distaso, Antonio Pio"]
[Result "1-0"]
[WhiteTitle "WFM"]
[WhiteElo "2024"]
[BlackElo "2253"]
[WhiteFideId "44124040"]
[BlackFideId "805548"]
[EventDate "2025.05.27"]

1. e4 c5 2. Nc3 a6 3. a4 e6 4. d3 d5 5. g3 dxe4 6. dxe4 Qxd1+ 7. Nxd1 b6 8. Bg2
Bb7 9. Ne2 Nc6 10. c3 g6 11. O-O Bg7 12. Bf4 O-O-O 13. Bg5 f6 14. Bc1 Nge7 15.
Ne3 h5 16. Nf4 e5 17. Nfd5 Nxd5 18. Nxd5 b5 19. axb5 axb5 20. Be3 c4 21. Bc5 g5
22. h4 Bf8 23. Bb6 Rd6 24. Rfd1 g4 25. Bc5 Re6 26. Nb6+ Kc7 27. Rd7+ Kb8 28.
Bxf8 Rxf8 29. Rh7 Rd8 30. Rxh5 Rd2 31. Rh7 Ne7 32. Rf7 Rxb2 33. Nd7+ Kc7 34. Nc5
Kd6 35. Nxb7+ Kc7 36. Nc5 Kd6 37. Ra6+ Kxc5 38. Rxe6 b4 39. Rfxe7 bxc3 40. Rc7+
Kd4 41. Rd6# 1-0

[Event "Titled Tue 27th May Late"]
[Site "chess.com INT"]
[Date "2025.05.27"]
[Round "5"]
[White "Gomez Gonzales, Fabiana"]
[Black "Gutierrez Olivares, Daniel"]
[Result "0-1"]
[WhiteTitle "WCM"]
[BlackTitle "FM"]
[WhiteElo "1843"]
[BlackElo "2354"]
[WhiteFideId "3860191"]
[BlackFideId "2264005"]
[EventDate "2025.05.27"]

1. d4 Nf6 2. Bf4 e6 3. c4 c5 4. e3 b6 5. Nf3 cxd4 6. exd4 Bb7 7. Be2 Bb4+ 8. Bd2
Be7 9. Nc3 O-O 10. O-O d6 11. Qc2 Re8 12. Rfe1 Nbd7 13. Rad1 Rc8 14. Qb1 Nf8 15.
Bg5 h6 16. Bh4 Ng6 17. Bg3 Nh5 18. Rd3 Rxc4 19. Re3 Rc8 20. Bb5 Rf8 21. Bd3 Ngf4
22. Bxf4 Nxf4 23. Bf1 a6 24. d5 e5 25. Rd1 b5 26. Qe4 f5 27. Qb4 Qb6 28. g3 Ng6
29. Nd2 f4 30. Nc4 Rxc4 31. Bxc4 fxe3 32. fxe3 Qxe3+ 33. Kh1 Qf3+ 34. Kg1 Bg5
35. Be2 Be3# 0-1

[Event "Titled Tue 27th May Late"]
[Site "chess.com INT"]
[Date "2025.05.27"]
[Round "5"]
[White "Liu, Jason"]
[Black "Dovgaliuk, Oleksandr"]
[Result "1-0"]
[WhiteTitle "CM"]
[WhiteElo "2064"]
[BlackElo "2240"]
[WhiteFideId "2514656"]
[BlackFideId "14167247"]
[EventDate "2025.05.27"]

1. e4 c5 2. g3 d5 3. Bg2 dxe4 4. Bxe4 Nf6 5. Bg2 Bg4 6. Ne2 Nc6 7. Nbc3 Qd7 8.
d3 Nd4 9. Be3 Bf3 10. O-O Bxg2 11. Kxg2 h5 12. h4 O-O-O 13. Bf4 Qc6+ 14. f3 Ng4
15. Nxd4 Rxd4 16. Ne4 e5 17. fxg4 exf4 18. Rxf4 hxg4 19. Qxg4+ Kb8 20. Rxf7 g5
21. h5 c4 22. Raf1 Bc5 23. R7f6 Qc7 24. Qf3 cxd3 25. cxd3 Bb6 26. Rf7 Qc6 27.
Nxg5 Rxd3 28. Qxc6 bxc6 29. Rf8+ Rxf8 30. Rxf8+ Kb7 31. h6 Be3 32. h7 Rd2+ 33.
Kh3 1-0

[Event "Titled Tue 27th May Late"]
[Site "chess.com INT"]
[Date "2025.05.27"]
[Round "5"]
[White "Sydoryka, Vladyslav"]
[Black "Ebrahimi Herab, Hamidreza"]
[Result "1-0"]
[WhiteTitle "FM"]
[BlackTitle "FM"]
[WhiteElo "2224"]
[BlackElo "2404"]
[WhiteFideId "14145928"]
[BlackFideId "22512888"]
[EventDate "2025.05.27"]

1. c4 Nf6 2. g3 g6 3. Bg2 d5 4. Nc3 d4 5. Ne4 Nxe4 6. Bxe4 Bg7 7. h4 h5 8. d3
O-O 9. Bg2 Nc6 10. Nf3 Bf5 11. O-O e5 12. Ng5 a5 13. Rb1 Qd7 14. Kh2 Rfe8 15. b3
f6 16. Ne4 Bxe4 17. Bxe4 f5 18. Bg2 e4 19. a3 Qd6 20. b4 axb4 21. axb4 Nxb4 22.
Bf4 Qc5 23. Qb3 Bf8 24. Bd2 Nc6 25. Bf4 Na5 26. Qc2 e3 27. fxe3 dxe3 28. Rb5 Qe7
29. Ra1 Nc6 30. Rxa8 Rxa8 31. Rxb7 Nd4 32. Qb2 Qf6 33. Rxc7 Nf3+ 34. Bxf3 Qxb2
35. Bxa8 Qxe2+ 36. Kh3 Bg7 37. Bd5+ Kh7 38. Be5 Qf1+ 39. Bg2 e2 40. Rxg7+ Kh6
41. Rg8 g5 42. hxg5+ Kh7 43. Rg7+ Kh8 44. g6 e1=Q 45. Rh7+ Kg8 46. Rh8# 1-0

[Event "Titled Tue 27th May Late"]
[Site "chess.com INT"]
[Date "2025.05.27"]
[Round "5"]
[White "Yevchenko, Oleksandr"]
[Black "Garcia Hernandez, Rebeca"]
[Result "1-0"]
[WhiteTitle "CM"]
[BlackTitle "WCM"]
[WhiteElo "2276"]
[BlackElo "1903"]
[WhiteFideId "14108267"]
[BlackFideId "5180872"]
[EventDate "2025.05.27"]

1. c4 c5 2. Nf3 Nf6 3. e3 d5 4. cxd5 Qxd5 5. Nc3 Qd8 6. d4 cxd4 7. exd4 g6 8.
Bc4 Bg7 9. O-O O-O 10. h3 Nc6 11. Bf4 Na5 12. Bd3 Be6 13. Be5 Nc4 14. Qe2 Nxe5
15. dxe5 Nd5 16. Nxd5 Bxd5 17. Rfd1 Bxf3 18. Qxf3 Qc7 19. e6 fxe6 20. Qe2 Qe5
21. Rab1 Qxe2 22. Bxe2 Rfd8 23. b3 e5 24. Bf3 Rab8 25. Rxd8+ Rxd8 26. Bxb7 Rd2
27. b4 e6 28. a4 Kf7 29. a5 Rd7 30. a6 Rd4 31. b5 e4 32. b6 axb6 33. a7 Ra4 34.
a8=Q Rxa8 35. Bxa8 1-0

[Event "Titled Tue 27th May Late"]
[Site "chess.com INT"]
[Date "2025.05.27"]
[Round "5"]
[White "Zhu, Jiner"]
[Black "Kosakowski, Jakub"]
[Result "1-0"]
[WhiteTitle "GM"]
[BlackTitle "GM"]
[WhiteElo "2541"]
[BlackElo "2530"]
[WhiteFideId "8608059"]
[BlackFideId "1185080"]
[EventDate "2025.05.27"]

1. Nf3 Nf6 2. c4 g6 3. Nc3 Bg7 4. d4 O-O 5. e4 d6 6. Be2 e5 7. O-O Nc6 8. d5 Ne7
9. b4 a5 10. bxa5 Rxa5 11. a4 c5 12. dxc6 Nxc6 13. Ba3 Nd4 14. Bb4 Nxe2+ 15.
Qxe2 Ra6 16. Rfd1 Ne8 17. c5 Bd7 18. cxd6 h6 19. Ra2 Kh7 20. Rad2 g5 21. h3 Qa8
22. Qc4 Nf6 23. Nxe5 Be6 24. Qe2 Rd8 25. d7 Qb8 26. Be7 Qxe5 27. Bxd8 Nxd7 28.
Nb5 Nc5 29. Bc7 Qxe4 30. a5 Qxe2 31. Rxe2 Bc4 32. Rc2 Bb3 33. Rxc5 Bxd1 34. Bb6
Ba4 35. Nc7 Bc6 36. Nxa6 1-0

[Event "Titled Tue 27th May Late"]
[Site "chess.com INT"]
[Date "2025.05.27"]
[Round "5"]
[White "Tarnowska, Aleksandra"]
[Black "Kang, Dorian"]
[Result "0-1"]
[WhiteTitle "WCM"]
[BlackTitle "CM"]
[WhiteElo "1882"]
[BlackElo "2047"]
[WhiteFideId "1180967"]
[BlackFideId "2619156"]
[EventDate "2025.05.27"]

1. e4 c5 2. Nf3 d6 3. Bb5+ Nd7 4. O-O g6 5. c3 Bg7 6. d4 cxd4 7. cxd4 Nf6 8. Nc3
O-O 9. Bg5 h6 10. Bf4 a6 11. Bd3 b5 12. Qd2 Kh7 13. Rae1 Bb7 14. Nh4 e5 15. Be3
b4 16. Nd5 Nxd5 17. exd5 Qxh4 18. Qxb4 Bxd5 19. Qxd6 Nf6 20. dxe5 Ng4 21. Bf4
Rad8 22. Qa3 h5 23. Bg3 Qg5 24. f4 Qh6 25. Bh4 Rde8 26. Bg5 Qxg5 27. fxg5 Bxe5
28. g3 Bd4+ 29. Rf2 Bxf2+ 30. Kf1 Rxe1# 0-1

[Event "Titled Tue 27th May Late"]
[Site "chess.com INT"]
[Date "2025.05.27"]
[Round "5"]
[White "Gyurjinyan, Valter"]
[Black "Miranda Camus, Joaquin Ignacio"]
[Result "0-1"]
[WhiteTitle "CM"]
[BlackTitle "FM"]
[WhiteElo "2208"]
[BlackElo "2196"]
[WhiteFideId "13318179"]
[BlackFideId "3449300"]
[EventDate "2025.05.27"]

1. e4 d6 2. d4 Nd7 3. Nc3 e5 4. Nf3 Ngf6 5. Bc4 Be7 6. O-O O-O 7. Re1 c6 8. a4
Qc7 9. h3 b6 10. Ba2 Bb7 11. Bg5 a6 12. Nh4 g6 13. Nf3 b5 14. Bh6 Rfd8 15. Ng5
d5 16. exd5 cxd5 17. axb5 e4 18. Ncxe4 Nxe4 19. Nxf7 Kxf7 20. Rxe4 Nf6 21. Re1
axb5 22. c3 Re8 23. Qf3 Bf8 24. Bg5 Bg7 25. Bxf6 Bxf6 26. Bxd5+ Bxd5 27. Qxd5+
Kg7 28. Qxb5 Rab8 29. Qxe8 Rxe8 30. Rxe8 Qc4 31. Re3 Bg5 32. Rf3 Qb3 0-1

[Event "Titled Tue 27th May Late"]
[Site "chess.com INT"]
[Date "2025.05.27"]
[Round "5"]
[White "Haussernot, Cecile"]
[Black "Klukin, Kirill"]
[Result "1-0"]
[WhiteTitle "WIM"]
[BlackTitle "IM"]
[WhiteElo "2108"]
[BlackElo "2407"]
[WhiteFideId "601632"]
[BlackFideId "24199273"]
[EventDate "2025.05.27"]

1. e4 c5 2. Nf3 g6 3. d4 cxd4 4. Nxd4 Bg7 5. Nc3 Nc6 6. Be3 Nf6 7. f3 O-O 8. Qd2
d5 9. Nxc6 bxc6 10. O-O-O Qa5 11. Bh6 d4 12. Bxg7 dxc3 13. Qh6 Qxa2 14. bxc3
Qa1+ 15. Kd2 Rd8+ 16. Bd3 Qa5 17. g4 Be6 18. Ra1 Qc5 19. h4 Qf2+ 20. Kc1 Qxf3
21. Rf1 Rxd3 22. Rxf3 Rxf3 23. Bxf6 exf6 24. Ra6 Rf1+ 25. Kd2 Rd8+ 26. Ke3 Bxg4
27. e5 Rf3+ 28. Ke2 Rxc3+ 29. Kf2 fxe5 30. Qg5 Rd4 31. Rxa7 Rxc2+ 32. Ke3 Rc3+
33. Kf2 Rf4+ 34. Ke1 f6 35. Qh6 Re4+ 36. Kd2 1-0

[Event "Titled Tue 27th May Late"]
[Site "chess.com INT"]
[Date "2025.05.27"]
[Round "5"]
[White "Hariharan, Shambavi"]
[Black "Silva, Pedro Gil Ferreira Da"]
[Result "1-0"]
[WhiteTitle "WCM"]
[BlackTitle "FM"]
[WhiteElo "1892"]
[BlackElo "2262"]
[WhiteFideId "488160"]
[BlackFideId "1946102"]
[EventDate "2025.05.27"]

1. d4 Nf6 2. c4 e6 3. Nf3 Bb4+ 4. Bd2 Qe7 5. a3 Bxd2+ 6. Nbxd2 d6 7. g3 O-O 8.
Bg2 e5 9. dxe5 dxe5 10. e4 a5 11. O-O Nc6 12. h3 h6 13. Qc2 Be6 14. Qc3 Qc5 15.
b3 Rfd8 16. Rfd1 Rd7 17. Rab1 Rad8 18. b4 axb4 19. axb4 Qb6 20. c5 Qa7 21. Qc2
Nd4 22. Nxd4 Rxd4 23. Nf1 Qa3 24. Ne3 Rxd1+ 25. Rxd1 Rxd1+ 26. Qxd1 Qxb4 27.
Qd8+ Kh7 28. Qxc7 Qe1+ 29. Nf1 Nxe4 30. Bxe4+ Qxe4 31. Ne3 Qc6 32. Qxe5 Bxh3 33.
Kh2 Be6 34. Qf4 Qxc5 35. Qe4+ Kg8 36. Qxb7 Qh5+ 37. Kg1 g5 38. Qb8+ Kh7 39. Qe5
Qf3 40. Qd4 Bd7 41. Qxd7 h5 42. Nf5 Kg6 43. Ne7+ Kf6 44. Qd6+ Kg7 45. Qd4+ Kf8
46. Nd5 h4 47. Qh8# 1-0

[Event "Titled Tue 27th May Late"]
[Site "chess.com INT"]
[Date "2025.05.27"]
[Round "5"]
[White "Adewumi, Tanitoluwa"]
[Black "Cernov, Henrik"]
[Result "1-0"]
[WhiteTitle "FM"]
[BlackTitle "FM"]
[WhiteElo "2376"]
[BlackElo "2325"]
[WhiteFideId "30966396"]
[BlackFideId "16258312"]
[EventDate "2025.05.27"]

1. d4 Nf6 2. c4 Nc6 3. Nf3 e6 4. Nc3 Bb4 5. Bd2 O-O 6. e3 Bxc3 7. Bxc3 Qe7 8. d5
exd5 9. cxd5 Nb8 10. d6 cxd6 11. Nd4 Ne4 12. Nf5 Qe6 13. Qg4 g5 14. Qxe4 Re8 15.
Nh6+ Kf8 16. Qxh7 Ke7 17. Nf5+ Kd8 18. Ng7 Qe4 19. Bf6+ Kc7 20. Nxe8+ Qxe8 21.
Bc4 Nc6 22. O-O-O b5 23. Bd5 Bb7 24. Qd3 a6 25. Qc3 Qb8 26. Bxc6 Bxc6 27. Qa5+
Kb7 28. Bd4 Qg8 29. Qb6+ Kc8 30. Bc3 Rb8 31. Qxa6+ Rb7 32. Rxd6 b4 33. Be5 Qe8
34. Qa8+ Rb8 35. Rxc6+ dxc6 36. Qxb8+ Kd7 37. Qd6+ Kc8 38. Qc7# 1-0

[Event "Titled Tue 27th May Late"]
[Site "chess.com INT"]
[Date "2025.05.27"]
[Round "5"]
[White "Deichmann, Esteban Horacio"]
[Black "Caruana, Fabiano"]
[Result "0-1"]
[BlackTitle "GM"]
[WhiteElo "2085"]
[BlackElo "2776"]
[WhiteFideId "167410"]
[BlackFideId "2020009"]
[EventDate "2025.05.27"]

1. e4 g6 2. d4 Bg7 3. Be3 c5 4. c3 cxd4 5. cxd4 d6 6. Nc3 Nc6 7. Nf3 Nf6 8. h3
O-O 9. Bd3 a6 10. O-O b5 11. a3 Bb7 12. b4 Nd7 13. Rc1 Rc8 14. Qd2 Nb6 15. Bh6
e6 16. Bxg7 Kxg7 17. Rfd1 d5 18. e5 Nc4 19. Bxc4 bxc4 20. Na4 Rc7 21. Nc5 Bc8
22. Qe3 Qe7 23. Re1 Na7 24. g4 a5 25. g5 axb4 26. axb4 Nb5 27. h4 Ra7 28. Ra1
Rh8 29. Qf4 h5 30. Ra5 Nc3 31. Qf6+ Kh7 32. Rea1 Rc7 33. Qxe7 Rxe7 34. Ra7 Rhe8
35. Rxe7 Rxe7 36. Ra8 Rc7 37. Nd2 Ne2+ 38. Kf1 Nxd4 39. Nb1 Nc2 40. Ke2 Nxb4 41.
Na4 d4 42. Nb6 Bb7 43. Rd8 c3 44. Nd7 Rxd7 45. Rxd7 c2 46. Rxf7+ Kg8 47. Rxb7
cxb1=Q 48. Kf3 Qf5+ 49. Kg3 Nd3 50. f4 Qxf4+ 51. Kg2 Qf2+ 52. Kh1 Qf3+ 0-1

[Event "Titled Tue 27th May Late"]
[Site "chess.com INT"]
[Date "2025.05.27"]
[Round "5"]
[White "Yanev, Tihomir"]
[Black "Gasparyan, Erik R."]
[Result "0-1"]
[WhiteTitle "IM"]
[BlackTitle "IM"]
[WhiteElo "2354"]
[BlackElo "2372"]
[WhiteFideId "2910110"]
[BlackFideId "13315730"]
[EventDate "2025.05.27"]

1. e4 c6 2. d4 d5 3. e5 Bf5 4. h4 h5 5. Bd3 Bxd3 6. Qxd3 Qa5+ 7. Nd2 e6 8. Nf3
Nh6 9. O-O Nf5 10. c4 Be7 11. g3 Nd7 12. b3 O-O 13. a4 Rfd8 14. Bb2 Bb4 15. Rfd1
Qa6 16. Bc3 Be7 17. Qc2 b6 18. a5 Qb7 19. a6 Qc7 20. b4 c5 21. bxc5 bxc5 22. Ba5
Nb6 23. cxd5 Rxd5 24. Ne4 Rc8 25. dxc5 Bxc5 26. Nxc5 Rxc5 27. Qe2 Rc2 28. Rd2
Rc1+ 29. Rxc1 Qxc1+ 30. Kg2 Qc5 31. Bxb6 Qxb6 32. Ng5 g6 33. Kh2 Rc7 34. Rd8+
Kg7 35. Rd2 Qc6 36. Ne4 Rd7 37. Rxd7 Qxd7 38. Nf6 Qd4 39. Kg2 Ne7 40. Qe4 Qb6
41. Qb7 Qc5 42. Nd7 Qd4 0-1

[Event "Titled Tue 27th May Late"]
[Site "chess.com INT"]
[Date "2025.05.27"]
[Round "5"]
[White "George, Kevin"]
[Black "Sailer, Mike"]
[Result "1/2-1/2"]
[WhiteTitle "IM"]
[WhiteElo "2301"]
[BlackElo "2108"]
[WhiteFideId "10669515"]
[BlackFideId "2012901"]
[EventDate "2025.05.27"]

1. d4 d5 2. c4 Bf5 3. Nc3 e6 4. Qb3 Nc6 5. e3 Nb4 6. e4 dxe4 7. a3 Nd3+ 8. Bxd3
exd3 9. Be3 Nf6 10. Qxb7 Be7 11. Qc6+ Kf8 12. Nf3 Rb8 13. b4 a5 14. c5 axb4 15.
axb4 Rxb4 16. O-O g5 17. Ra8 Rb8 18. Rxb8 Qxb8 19. Bxg5 Kg7 20. Nh4 Bg6 21. Qf3
Qd8 22. Nxg6 hxg6 23. Qxd3 Rh5 24. f4 Nd5 25. Bxe7 Nxe7 26. Qe2 Qxd4+ 27. Kh1
Qxc5 28. Ne4 Qf5 29. Ng3 Qd5 30. Nxh5+ gxh5 31. Rc1 c5 32. h3 Ng6 33. Qe3 Qf5
34. Rxc5 Qxf4 35. Qc3+ Qf6 36. Qxf6+ Kxf6 37. Rxh5 Kg7 38. Kg1 f5 39. g4 Nf4 40.
Rg5+ Kf6 41. Rg8 Nxh3+ 42. Kh2 fxg4 43. Rxg4 Ng5 44. Kg3 Kf5 45. Ra4 e5 46. Kf2
e4 47. Ke3 Kg4 48. Ra5 Kh4 49. Kf4 Nh3+ 50. Kxe4 Ng5+ 51. Kf5 Nf3 52. Ra4+ Kg3
53. Ra3 Kf2 54. Kf4 Nd2 55. Rd3 Ke2 56. Re3+ Kd1 57. Rc3 Ke2 58. Rc8 Nf1 59.
Re8+ Kf2 60. Ra8 Nd2 61. Re8 Nf1 62. Rd8 Ke2 63. Re8+ Kf2 1/2-1/2

[Event "Titled Tue 27th May Late"]
[Site "chess.com INT"]
[Date "2025.05.27"]
[Round "5"]
[White "Romero Ruscalleda, Josep"]
[Black "Alvarado, Carlos"]
[Result "1-0"]
[WhiteTitle "FM"]
[BlackTitle "CM"]
[WhiteElo "2110"]
[BlackElo "2032"]
[WhiteFideId "2231859"]
[BlackFideId "3800555"]
[EventDate "2025.05.27"]

1. e4 c6 2. Nc3 d5 3. Nf3 Bg4 4. h3 Bxf3 5. Qxf3 e6 6. d4 Bb4 7. Bd2 Nf6 8. exd5
Nxd5 9. Bd3 Nd7 10. O-O Nxc3 11. bxc3 Bd6 12. c4 O-O 13. Rfe1 Qf6 14. Qe4 g6 15.
c5 Bc7 16. c3 Rfe8 17. Qg4 Qg7 18. Rab1 b6 19. Qf3 Nb8 20. cxb6 axb6 21. Bc4 Ra5
22. Bb3 Rf5 23. Qe2 h5 24. Qd3 Bf4 25. Bc2 Bxd2 26. Qxd2 Ra5 27. Rxb6 Rxa2 28.
Reb1 Nd7 29. Rb7 Nf6 30. Qd3 Nd5 31. Bb3 Ra3 32. Qc2 Rea8 33. g3 h4 34. Bxd5
cxd5 35. gxh4 Qf6 36. Rb8+ Rxb8 37. Rxb8+ Kg7 38. Qb2 Ra7 39. Qb4 Ra1+ 40. Kg2
Qxh4 41. Qf8+ Kf6 42. Qd8+ 1-0

[Event "Titled Tue 27th May Late"]
[Site "chess.com INT"]
[Date "2025.05.27"]
[Round "5"]
[White "Xiong, Jeffery"]
[Black "Khlebovich, Alexander"]
[Result "1-0"]
[WhiteTitle "GM"]
[BlackTitle "IM"]
[WhiteElo "2636"]
[BlackElo "2423"]
[WhiteFideId "2047640"]
[BlackFideId "4169123"]
[EventDate "2025.05.27"]

1. e4 c5 2. Nf3 d6 3. Nc3 Nf6 4. d4 cxd4 5. Qxd4 Nc6 6. Qd3 Bg4 7. Be2 Bxf3 8.
Bxf3 Ne5 9. Qb5+ Qd7 10. Qxd7+ Nfxd7 11. Be2 Rc8 12. Be3 a6 13. O-O-O Nc4 14.
Bxc4 Rxc4 15. f3 g6 16. Nd5 Bg7 17. c3 Rc6 18. Kb1 Nf6 19. Nb4 Rc8 20. Rhe1 O-O
21. g4 Rfe8 22. g5 Nd7 23. f4 Nc5 24. Nd5 e6 25. Nb6 Rc6 26. Bxc5 dxc5 27. Nd7
e5 28. f5 f6 29. h4 Re7 30. Rd5 c4 31. Rf1 gxf5 32. Rxf5 fxg5 33. hxg5 Rc7 34.
Nb6 Rf7 35. Rd8+ Rf8 36. Rfxf8+ Bxf8 37. Nd7 Kf7 38. Nxf8 Ke7 39. Rb8 Kf7 40.
Nxh7 Kg6 41. Nf8+ Kf7 42. g6+ Kf6 43. a4 Rg7 44. Ka2 Re7 45. a5 Kg5 46. g7 1-0